Unsafe haven (Record no. 127048)
[ view plain ]
| 000 -LEADER | |
|---|---|
| fixed length control field | 01696nam a22003974a 4500 |
| 082 04 - DEWEY DECIMAL CLASSIFICATION NUMBER | |
| Classification number | 303.48/273041 |
| 100 1# - MAIN ENTRY--AUTHOR NAME | |
| Personal name | McElrath, Karen, |
| 245 10 - TITLE STATEMENT | |
| Title | Unsafe haven |
| 260 ## - PUBLICATION, DISTRIBUTION, ETC. (IMPRINT) | |
| Place of publication | London ; |
| -- | Sterling, Va. : |
| Name of publisher | Pluto Press, |
| Year of publication | 2000. |
| 300 ## - PHYSICAL DESCRIPTION | |
| Number of Pages | xii, 164 p. |
| 650 #0 - SUBJECT ADDED ENTRY--TOPICAL TERM | |
| Topical Term | Political prisoners |
| Topical Term | Deportation |
| Topical Term | Extradition |
| 856 40 - ELECTRONIC LOCATION AND ACCESS | |
| Uniform Resource Identifier | http://site.ebrary.com/lib/rucke/Doc?id=2001141 |
No items available.
